| 000 | 01080nam0a22002651 4500 | ||
|---|---|---|---|
| 001 | rc\577388 | ||
| 005 | 20031121162804.4 | ||
| 035 | _a(NLR Aleph) 005825318 | ||
| 090 |
_a5522851 _c5522851 |
||
| 100 | _a20031121d1988 u |0rusy50 ca | ||
| 101 | 0 | _arus | |
| 102 | _aRU | ||
| 105 | _ay ||||||||| | ||
| 200 | 1 |
_aМетоды определения эффективности капитальных вложений в мелиорацию земель _eЛекция _fК.Я. Феско, Д.А. Моисеенко, С.В. Качаев _gГос. агропром. ком. СССР, Алт. с.-х. ин-т |
|
| 210 |
_aБарнаул _cАлт. с.-х. ин-т _d1988 |
||
| 215 |
_a22 с. _d20 |
||
| 320 | _aБиблиогр.: с. 21 | ||
| 700 | 1 |
_aФеско _bК. Я. _gКиприян Яковлевич |
|
| 701 | 1 |
_aМоисеенко _bД. А. _gДмитрий Александрович |
|
| 701 | 1 |
_aКачаев _bС. В. _gСергей Владимирович |
|
| 801 | 0 |
_aRU _bNLR _gpsbo |
|
| 801 | 1 |
_aRU _bELAR _2rusmarc |
|
| 852 |
_aNLR _j89-4/7985 |
||
| 942 | _cBOOK | ||
| 980 | _aNB | ||